|
|
|
|
| LEADER |
00000cam a2200000 7i4500 |
| 001 |
0000013568 |
| 005 |
20080130.0 |
| 008 |
080117 |
| 020 |
|
|
|a 9830460967
|
| 090 |
0 |
0 |
|a 297.3824
|b JAZ
|
| 100 |
0 |
|
|a Al-Jazri,Muhammad
|
| 245 |
1 |
0 |
|a Amalan ibadah & doa warisan Rasulullah :
|b sallallahu alaihi wassalam
|c Muhammad Al-Jazri; penterjemah, Muhammad Abdul Lathiff
|
| 260 |
|
|
|a Kuala Lumpur :
|b Darul Nu'Man ,
|c 2004
|
| 650 |
|
0 |
|a Islam
|x Prayers and devotions
|
| 650 |
|
0 |
|a Prayer
|x Islam
|
| 700 |
0 |
|
|a Muhammad Abdul Lathiff
|
| 999 |
|
|
|a 0000000365
|b Book
|c Adult Collection
|e Cawangan Bandar Penawar
|
| 999 |
|
|
|a 0000924278
|b Book
|c Adult Collection
|e Cawangan Bukit Gambir
|
| 999 |
|
|
|a 0000924280
|b Book
|c Adult Collection
|e Cawangan Bukit Gambir
|
| 999 |
|
|
|a 0000936332
|b Book
|c Adult Collection
|e Cawangan Tangkak
|
| 999 |
|
|
|a 0000936334
|b Book
|c Adult Collection
|e Cawangan Tangkak
|
| 999 |
|
|
|a 0001006245
|b Book
|c Adult Collection
|e Cawangan Bukit Gambir
|
| 999 |
|
|
|a 0001006246
|b Book
|c Adult Collection
|e Perbadanan Perpustakaan Awam Johor
|
| 999 |
|
|
|a 0001006247
|b Book
|c Adult Collection
|e Perbadanan Perpustakaan Awam Johor
|
| 999 |
|
|
|a 0001007297
|b Book
|c Adult Collection
|e Perbadanan Perpustakaan Awam Johor
|
| 999 |
|
|
|a 0001007298
|b Book
|c Adult Collection
|e Cawangan Bukit Gambir
|
| 999 |
|
|
|a 0001007299
|b Book
|c Adult Collection
|e Cawangan Batu Pahat
|